| 000 | 004560000a22001690004500 | ||
|---|---|---|---|
| 003 | MACL | ||
| 005 | 20160113123603.0 | ||
| 008 | 160113b xxu||||| |||| 00| 0 eng d | ||
| 040 |
_aMACL _cMACL |
||
| 041 | _aEnglish | ||
| 082 | _a954/PAN | ||
| 100 |
_aPandey, Raj Bali _928596 |
||
| 245 |
_aVikramaditya of Ujjayini _bThe founder of the Vikrama Era |
||
| 260 |
_bShatadala Prakashan _c1951 _aBanars |
||
| 650 |
_aHistory _931652 |
||
| 942 |
_cBK _k954/PAN _2ddc |
||
| 999 |
_c34808 _d34808 |
||